| 000 | 01622nam0a2200373 4500 | ||
|---|---|---|---|
| 001 | RU\NLR\BIBL_A\010452502 | ||
| 005 | 20250630151719.0 | ||
| 010 |
_a978-5-87991-098-8 _92000 |
||
| 035 | _a(NLR Aleph) 010452502 | ||
| 035 | _aRU\NLR\BIBL_A\010452502 | ||
| 090 |
_a9935353 _c9935353 |
||
| 100 | _a20140819d2012 |||y0rusy50 ca | ||
| 101 | 0 | _arus | |
| 102 | _aRU | ||
| 105 | _aach|z|||001zy | ||
| 200 | 1 |
_aОрганная музыка в концертной жизни Петербурга (1862-1917) _fЖ. Князева |
|
| 210 |
_aСанкт-Петербург _cИзд-во им. Н. И. Новикова _d2012 |
||
| 215 |
_a205, [2] с., [8] л. ил., портр., факс. _d20 |
||
| 320 | _aБиблиогр. в подстроч. примеч. | ||
| 320 | _aУказ. имен и указ. церквей и концертных залов Санкт-Петербурга, упоминаемых в книге: с. 200-207 | ||
| 606 | 1 |
_aОрганная музыка русская _z19 - 20 вв. _yСанкт-Петербург, город _2nlr_sh |
|
| 686 |
_aЩ313(2Р=Рус)7-454.3 _vLBC/SL _2rubbk |
||
| 686 |
_aЩ313(2Р=Рус)7-692Петербург _vLBC/SL _2rubbk |
||
| 700 | 1 |
_9z01790 _aКнязева _bЖ.В. _gЖанна Викторовна _4070 |
|
| 790 | 1 |
_9z01700 _aKnyazeva _bZ. V. _gZhanna Viktorovna _4070 |
|
| 801 | 0 |
_aRU _bNLR _c20140819 _gRCR |
|
| 801 | 1 |
_aRU _bNLR _c20140819 |
|
| 801 | 2 |
_aRU _bNLR _c20151222 _2rusmarc |
|
| 852 |
_aNLR _bМс _j51/К.546 _pАэ 11849 _t1 |
||
| 942 | _cBOOK | ||
| 980 | _aNBR | ||
| 980 | _aONIZ | ||
| 980 | _aNB | ||